Who Sang These Songs: The Seventies Music Quiz - Statistics

General Stats
  • This quiz has been taken 378 times
    339 since last reset
  • The average score is 14 of 20
Answer Stats
Hint Answer % Correct
Mamma Mia, Dancing Queen, Waterloo, Fernando ABBA
99%
Rocket Man, I'm Still Standing, Bennie and the Jets Elton John
98%
We Will Rock You, Don't Stop Me Now, Bohemian Rhapsody Queen
98%
Stayin' Alive, Night Fever, Jive Talkin', Love You Inside Out Bee Gees
94%
Life in the Fast Lane, Desperado, Take It Easy, Hotel California The Eagles
89%
Stairway to Heaven, Black Dog, Kashmir, D'yer Mak'er Led Zeppelin
87%
Maggie May, Do Ya Think I'm Sexy, You Wear it Well Rod Stewart
78%
The Chain, Go Your Own Way, Don't Stop Fleetwood Mac
77%
Life on Mars, Fame, Changes, Suffragette City David Bowie
76%
September, Boogie Wonderland, Shining Star Earth Wind and Fire
66%
Time, Wish You Were Here, Shine on You Crazy Diamond Pink Floyd
66%
Hot Stuff, Last Dance, Love to Love You, Baby Donna Summer
63%
Lovely Day, Lean on Me, Just the Two of Us, Ain't No Sunshine Bill Withers
62%
Ruby Don't Take Your Love to Town, Lucille, The Gambler Kenny Rogers
60%
25 or 6 to 4, Saturday in the Park, If You Leave Me Now Chicago
59%
Crazy on You, Dreamboat Annie, Baracuda Heart
56%
Last Train to London, Confusion, Mister Blue Sky ELO
54%
Long Train Runnin', What a Fool Believes, Listen to the Music, Doobie Brothers
51%
That's the Way, I'm Your Boogie Man, Get Down Tonight KC and the Sunshine Band
44%
Peg, FM, Deacon Blues, Rikki Don't Lose That Number Steely Dan
42%
No matching quizzes found
Score Distribution
Percent of People with Each Score
Percentile by Number Answered
Your Score History
You have not taken this quiz since the last reset